Notes on the Kazak yurt of West Mongolia

Elmentve itt :
Bibliográfiai részletek
Szerző: Róna-Tas András
Dokumentumtípus: Cikk
Megjelent: 1961
Sorozat:Acta Orientalia Academiae Scientiarum Hungaricae;Acta Orientalia Academiae Scientiarum Hungaricae : a Magyar Tudományos Akadémia orientalisztikai közleményei
Kulcsszavak:Néprajz - lakás - kazak - Mongólia
Tárgyszavak:
Online Access:http://misc.bibl.u-szeged.hu/62093
LEADER 00972nab a2200253 i 4500
001 misc62093
005 20230308083209.0
008 230206s1961 hu o 0|| eng d
040 |a SZTE Miscellanea Repozitórium  |b hun 
041 |a eng 
100 2 |a Róna-Tas András 
245 1 0 |a Notes on the Kazak yurt of West Mongolia  |h [elektronikus dokumentum] /  |c  Róna-Tas András 
260 |c 1961 
300 |a 79-102  |c 24 cm 
300 |a [24] p.  |c 24 cm 
490 0 |a Acta Orientalia Academiae Scientiarum Hungaricae;Acta Orientalia Academiae Scientiarum Hungaricae : a Magyar Tudományos Akadémia orientalisztikai közleményei 
561 |a Németh Gyula hagyaték 
591 |a LOA 3184; NOA 5007 
650 4 |a Társadalomtudományok 
650 4 |a Szociológia 
650 4 |a Bölcsészettudományok 
650 4 |a Nyelvek és irodalom 
695 |a Néprajz - lakás - kazak - Mongólia 
856 4 0 |u http://misc.bibl.u-szeged.hu/62093/1/5007_noa.pdf  |z Dokumentum-elérés